000 00711cab a2200265 4500
001 ABS48642
008 090401t1993 xxu||||| |||| 00| 0 eng d
035 _a(Sirsi) u67732
041 _aeng
100 _aPryke, J.
245 _aSubsidence: the time is ripe for change
260 _c1993
350 _a0
490 _aStructural Survey
_v11(4) Spring 1993, 357-365(9)
520 _aDiscusses subsidence with reference to insurance policies and claims. References.
650 _aBUILDING DEFECTS
650 _aDEFINITION
650 _aNEGLIGENCE
650 _aSETTLEMENT
650 _aSUBSIDENCE
650 _aUNDERPINNING
690 _aINSURANCE
_96249
942 _n0
948 _c04/03/1997
999 _c42414
_d42414